Culture Générale - Série 1617 - Statistiques

Statistiques générales
  • Ce quiz a été pris 141 fois
  • Le résultat moyen est 6 sur 10
Statistiques - réponses
Question Réponse % Correct
Selon l'expression populaire, quand on se prélasse, on a "les doigts de pied en... éventail
92%
Combien les billets en euros comptent-ils de valeurs différentes ? 7
90%
Quel mot désigne à la fois un phénomène optique observé dans le désert et une lignée d'avions militaires ? mirage
90%
De quel département breton l'île de Groix fait-elle partie ? Morbihan
69%
Quelle est la capitale du Costa Rica ? San José
60%
Quelle ville australienne est la capitale de l'État de Victoria ? Melbourne
54%
Quel nom porte la petite lamelle de plastique ou d'os que l'on tient entre le pouce et l'index pour jouer d'un instrument à cordes ? plectre
50%
Quelle ville italienne était le port maritime de Rome, dans l'Antiquité ? Ostie
32%
Comment s'appellent les célèbres chutes brésiliennes de près de 100 mètres de haut et inscrites au patrimoine de l'UNESCO ? Iguazu
21%
Qui a rendu célèbre la phrase : "Il ne faut pas être plus royaliste que le roi " ? Chateaubriand
8%
Aucun quiz correspondant
Distribution des résultats
% des personnes avec chaque résultat
Percentile par nombre de réponses
Votre historique - résultats
Vous n’avez pas pris ce quiz